Normal view
MARC view
- MS- Department of Computational Engineering
Entry Uniform Title
001 - CONTROL NUMBER
- control field: 10631
003 - CONTROL NUMBER IDENTIFIER
- control field: NUST
005 - DATE AND TIME OF LATEST TRANSACTION
- control field: 20180530052751.0
008 - FIXED-LENGTH DATA ELEMENTS
- fixed length control field: 180530|| aca||aabn | a|a d
040 ## - CATALOGING SOURCE
- Original cataloging agency: NUST
- Transcribing agency: NUST
130 ## - HEADING--UNIFORM TITLE
- Uniform title: MS- Department of Computational Engineering
670 ## - SOURCE DATA FOUND
- Source citation: Work cat.: (NUST): Kianat Samin 10630, MS-Thesis :Man-made World Image Matching Over Wide Baselines , C,May,2018
